Kanga and baby Roo come to the forest / (Record no. 7706)

MARC details
000 -LEADER
fixed length control field 01087nam a22002777a 4500
001 - CONTROL NUMBER
control field 7706
003 - CONTROL NUMBER IDENTIFIER
control field FISKH
005 - DATE AND TIME OF LATEST TRANSACTION
control field 20250731142951.0
008 - FIXED-LENGTH DATA ELEMENTS--GENERAL INFORMATION
fixed length control field 250731b cb ||||| |||| 00| 0 eng d
040 ## - CATALOGING SOURCE
Original cataloging agency FISKH
Language of cataloging eng
Transcribing agency FISKH
Modifying agency FISKH
050 ## - LIBRARY OF CONGRESS CALL NUMBER
Classification number PZ7.M64
082 ## - DEWEY DECIMAL CLASSIFICATION NUMBER
Classification number 823.912
100 ## - MAIN ENTRY--PERSONAL NAME
Personal name Milne, A. A.
245 ## - TITLE STATEMENT
Title Kanga and baby Roo come to the forest /
Statement of responsibility, etc. A. A. Milne ; With decorations by Ernest H. Shepard
250 ## - EDITION STATEMENT
Edition statement This edition published in 1993.
260 ## - PUBLICATION, DISTRIBUTION, ETC.
Place of publication, distribution, etc. New York :
Name of publisher, distributor, etc. Penguin Books,
Date of publication, distribution, etc. 1926.
300 ## - PHYSICAL DESCRIPTION
Extent 32 unnumbered pages :
Other physical details color illustrations ;
Dimensions 20 cm
505 ## - FORMATTED CONTENTS NOTE
Formatted contents note M<br/>
520 ## - SUMMARY, ETC.
Summary, etc. Kanga and Baby Roo are the newest inhabitants of the Hundred Acre Wood, and Rabbit isn't sure he likes it. His plan to capture Baby Roo should set things right, if Piglet can bravely play his part, but it is hard to be brave when you are a very small animal ...
521 8# - TARGET AUDIENCE NOTE
Target audience note 530<br/>
Source Lexile estimate<br/>
521 8# - TARGET AUDIENCE NOTE
Target audience note M<br/>
Source Raz-Plus<br/>
650 ## - SUBJECT ADDED ENTRY--TOPICAL TERM
Topical term or geographic name entry element Children's literature
Form subdivision Juvenile
700 ## - ADDED ENTRY--PERSONAL NAME
Personal name Shepard, Ernest H.
Relator term illustrator
942 ## - ADDED ENTRY ELEMENTS (KOHA)
Source of classification or shelving scheme Dewey Decimal Classification
Koha item type Books
Suppress in OPAC No
Holdings
Withdrawn status Lost status Source of classification or shelving scheme Damaged status Not for loan Collection Home library Current library Shelving location Date acquired Total Checkouts Full call number Barcode Date last seen Copy number Price effective from Koha item type
    Dewey Decimal Classification     Juvenile Fiction Footprints International School Library Network Toul Kork Campus Footprints International School Library Network Toul Kork Campus TK Primary Library Room(4th Floor), Bookcase 3&4, Shelves 17-32, Yellow Books 07/31/2025   MIL 823.912 PZ7.M64 FISBK07015 07/31/2025 1 07/31/2025 Books